00290nam a2200121Ia 45000030006000000080041000060400015000471000014000622450032000762600031001085460012001390050017001510STCL150530s9999 xx 000 0 und d aSTCLcSTCL aSeene, M. aBiology of flowering plants bSidgwick and Jacksonc1955 aEnglish20220125170407.0